Obálka Náhled e-knihy:
PDF
Pro půjčování e-knih musíte být přihlášeni.
Jak si půjčit online?

Mopslík, ktorý chcel byť morskou pannou /

Peggy a jej rodinu čaká týždeň pri mori, ktorý si chcú naplno užiť. Chloe túži vidieť morskú pannu, no na pobreží sa jej žiadnu nedarí nájsť. Peggy nechce, aby bola jej kamarátka sklamaná, a tak sa rozhodne jednou stať… Ale najskôr sa musí naučiť plávať!

Uloženo v:
Hlavní autor: Swift, Bella (Autor)
Médium: E-kniha
Jazyk:Czech
Vydáno: Praha : Albatros Media Slovakia s.r.o., 2025
Tagy:
Žádné tagy
LEADER 01254nam a22002297i 4500
001 302677
007 ta
008 260514s2025 xr ||||| |||| 00| 0 cze d
020 |a 9788056646731 
044 |a xr 
100 1 |a  Swift, Bella  |4 aut 
245 1 0 |a Mopslík, ktorý chcel byť morskou pannou /  |c  Swift, Bella 
240 1 0 |a The Pug Who Wanted to Be a Mermaid 
264 1 |a Praha :  |b Albatros Media Slovakia s.r.o.,  |c 2025 
300 |a 1 online zdroj (160 stran) 
336 |a text  |b txt  |2 rdacontent 
337 |a bez média  |b n  |2 rdamedia 
338 |a online zdroj  |b cr  |2 rdacarrier 
520 2 |a Peggy a jej rodinu čaká týždeň pri mori, ktorý si chcú naplno užiť. Chloe túži vidieť morskú pannu, no na pobreží sa jej žiadnu nedarí nájsť. Peggy nechce, aby bola jej kamarátka sklamaná, a tak sa rozhodne jednou stať… Ale najskôr sa musí naučiť plávať! 
910 |a RBIT002 
998 |d 426931  |a https://core.palmknihy.cz/api/books/426931/cover?tesghs  |b https://core.palmknihy.cz/api/books/426931/cover/400?tesghs  |c https://core.palmknihy.cz/api/books/426931/cover/50?tesghs  |e 2030-06-27  |g 160  |i 9788056646731  |k https://core.palmknihy.cz/api/books/426931/preview.pdf  |l   |q 49  |r 1  |s https://www.palmknihy.cz/kniha/426931  |t ebook  |y 2025  |z 1 
999 |d 302675